Veritatis splendor: primer aniversario. Homenaje de la Universidad Gabriela Mistral a Su Santidad Juan Pablo II

Salvato in:
Dettagli Bibliografici
Ente Autore: Universidad Gabriela Mistral (autor)
Natura: Libro
Lingua:spagnolo
Pubblicazione: Santiago Universidad Gabriela Mistral 1994
Soggetti:
Tags: Aggiungi Tag
Nessun Tag, puoi essere il primo ad aggiungerne!!

MARC

LEADER 00000nam a2200000 a 4500
001 UCY1321
003 CL-VaPUC
005 20250225105831.0
008 940829e19940000CL |||||||||||||||||spa|d
999 |c 230063  |d 230061 
040 |c Pontificia Universidad Católica de Valparaíso 
082 0 4 |a 262.91  |b VER  |2 21 
110 |a Universidad Gabriela Mistral  |e autor  |9 388597 
245 1 0 |a Veritatis splendor: primer aniversario. Homenaje de la Universidad Gabriela Mistral a Su Santidad Juan Pablo II 
260 |a Santiago  |b Universidad Gabriela Mistral  |c 1994 
300 |a 121 p 
583 |a last modification  |c 19940829 00:00:00  |k Rodrigo Vera 
600 0 |a Juan Pablo II,  |q (Wojtyła, Karol Józef),   |c Papa  |d 1920-2005  |9 866320 
650 0 |a Verdad teológica   |9 329269 
650 0 |a Encíclicas  |9 255643 
942 |c BK  |2 ddc 
945 |d 19940829 00:00:00  |a aalvarez 
952 |0 0  |1 0  |4 0  |6 262_910000000000000_VER_1994  |7 0  |8 A  |9 231921  |a BIBTEO  |b BIBTEO  |d 2019-11-15  |i 3015548  |o 262.91 VER 1994  |p 3015548  |r 2025-01-17  |w 2019-11-15  |y BK  |k ICR